| 000 | 00590cam a2200217 a 4500 | ||
|---|---|---|---|
| 001 | 13621350 | ||
| 005 | 20250203203313.0 | ||
| 008 | 040610s2003 enk b 001 0 eng | ||
| 020 | _a0421788402 (hb) | ||
| 020 | _a042178850X (pbk.) | ||
| 050 | 0 | 0 |
_aKD1554 _b.T7 2003 |
| 082 | 0 | 4 |
_a346.4202 _221 |
| 100 | 1 | _aTreitel, G. H. | |
| 245 | 1 | 4 |
_aThe law of contract / _cby Sir Guenter Treitel. |
| 250 | _a11th ed. | ||
| 260 |
_aLondon : _bSweet & Maxwell, _c2003. |
||
| 300 |
_aclii, 1200 p. ; _c25 cm. |
||
| 650 | 0 |
_aContracts _zEngland. |
|
| 650 | 0 |
_aContracts _zWales. |
|
| 942 |
_2lcc _cBK _n0 |
||
| 999 |
_c3408 _d3408 |
||